Ο σημερινός κόσμος
Αποθηκεύτηκε σε:
| Κύριος συγγραφέας: | |
|---|---|
| Άλλοι συγγραφείς: | |
| Μορφή: | Βιβλίο |
| Γλώσσα: | Greek German |
| Δημοσίευση: |
[Αθήνα] :
Μάρη,
[1951]
|
| Θέματα: | |
| Ετικέτες: |
Προσθήκη ετικέτας
Δεν υπάρχουν, Καταχωρήστε ετικέτα πρώτοι!
|
MARC
| LEADER | 00000cam a2200000 i 4500 | ||
|---|---|---|---|
| 001 | 1/87462 | ||
| 008 | 051014s1951 gre d | ||
| 035 | |l 10080826 | ||
| 040 | |a GR-MY-UA |b gre |e aacr | ||
| 041 | 0 | |a gre |h ger | |
| 082 | 0 | |a 320.531 |2 (22) | |
| 100 | 1 | |a Einstein, Albert, |d 1879-1955. | |
| 245 | 1 | 2 | |a Ο σημερινός κόσμος / |c Albert Einstein ; μετάφραση Μίνας Ζωγράφου |
| 260 | |a [Αθήνα] : |b Μάρη, |c [1951] | ||
| 300 | |a 237 σ.; |c 21 εκ. | ||
| 500 | |a Με: Ηθικοσοσιαλισμός / Παύλου Ευστ. Αντωνίου. - Ελληνική πορεία / Κωνσταντίνου Τσάτσου | ||
| 650 | 0 | 0 | |a Civilization, Modern |y 20th century. |
| 650 | 0 | 0 | |a Jews. |
| 650 | 0 | 0 | |a Science and civilization. |
| 700 | 1 | |a Ζωγράφου, Μίνα. |4 trl | |
| 852 | |a INST |b RHODES |c KRI |e 20051014 |h 320.531 ΑΝΤ |p 005400028392 |q 005400028392 |t BK |y 0 | ||
| 901 | |a BIBL4-2005-3 | ||
| 909 | |a Ρ |b 122287 | ||
| 970 | |a ΚΟΖΑ |b ΜΑΡΙΑ |z 2005/10/14 | ||